000 00723nas a2200241 4500
001 BR9510743
003 BR-BrBNA
005 20231205095550.0
007 ta
008 230509b bl.|||p| |||| 00| 00por d
040 _aBR-BrBNA
_bpor
_cBiblioteca Nacional de Agricultura
041 _a(Pt)
072 _aH10
100 1 _aCividanes, F.J.
245 1 _aEfeito da hora e das condicoes ambientais sobre insetos predadores em citros
650 _aFruta Citrica
650 _aInseto
650 _aPredador
650 _aCondicao Ambiental
773 0 _tRevista de Agricultura (Brazil)
_xISSN 0034-7655
_g(Sep 1995), v. 70(2) p. 231-237
_wBR9510743
909 _a202311
_bLúcia
_c55
_dLúcia Elande
942 _2AGRIS
_n0
_cANA
999 _c151390
_d151390